|
|
|
|
| LEADER |
00000cam a2200000 7i4500 |
| 001 |
0000000790 |
| 005 |
20001006.0 |
| 020 |
0 |
0 |
|a 1555872557
|
| 090 |
0 |
0 |
|a 327.09045
|b GUR 1991
|
| 100 |
1 |
0 |
|a GURTOV
|h Melvin
|
| 245 |
1 |
0 |
|a Global politics in the human interest
|c Mel Gurtov
|
| 250 |
0 |
0 |
|a 2nd rev. ed.
|
| 260 |
0 |
0 |
|a Boulder, Colo. :
|b Lynne Rienner Pub. ,
|c 1991
|
| 300 |
|
|
|a xiv, 271 p. ;
|c 23 cm.
|
| 500 |
0 |
0 |
|a Bibliography: [p. 243-259] and index
|
| 650 |
0 |
0 |
|a International economic relations
|
| 650 |
0 |
0 |
|a International relations
|
| 650 |
0 |
0 |
|a World politics
|y 1945-
|
| 999 |
|
|
|a 0000000369
|b Monograph
|c Open Shelf
|e Default branch
|